|
|
|
|
| LEADER |
00613nam a2200193 4500 |
| 020 |
|
|
|c 995
|
| 082 |
|
|
|a 332.10954 VAS-C
|
| 100 |
|
|
|a VASUDEVAN,A
|
| 245 |
|
|
|a Central banking for emerging market economics: A relook in the context of the global finacial crisis
|
| 250 |
|
|
|
| 260 |
|
|
|a Academic foundation,Delhi
|c 2014
|
| 300 |
|
|
|
| 490 |
|
|
|
| 500 |
|
|
|
| 590 |
|
|
|a MBC,Tvpm
|c 995
|
| 650 |
|
|
|a India-Banks and banking-- Financial economics
|
| 942 |
|
|
|c BK
|
| 999 |
|
|
|c 116907
|d 116907
|
| 952 |
|
|
|0 0
|1 0
|4 0
|6 332_109540000000000_VASC
|7 0
|9 130374
|a ECN
|b ECN
|g 995.00
|l 0
|o 332.10954 VAS-C
|p ECN13928
|r 2019-09-25
|w 2019-09-25
|y BK
|